<?xml version="1.0" encoding="UTF-8"?>
<collection xmlns="http://www.loc.gov/MARC21/slim">
 <record>
  <leader>00956pam a22002418a 4500</leader>
  <controlfield tag="001">00043833</controlfield>
  <controlfield tag="005">20190318160312.0</controlfield>
  <controlfield tag="008">170518s2007                  ||||||Viesd</controlfield>
  <datafield tag="020" ind1="#" ind2="#">
   <subfield code="c">38500</subfield>
  </datafield>
  <datafield tag="041" ind1="0" ind2="#">
   <subfield code="a">Vie</subfield>
  </datafield>
  <datafield tag="082" ind1="1" ind2="4">
   <subfield code="a">543</subfield>
   <subfield code="b">H401H</subfield>
  </datafield>
  <datafield tag="100" ind1="1" ind2="#">
   <subfield code="a">Từ, Vọng Nghi</subfield>
  </datafield>
  <datafield tag="245" ind1="1" ind2="0">
   <subfield code="n">Phần 1</subfield>
   <subfield code="a">Hóa học phân tích</subfield>
   <subfield code="c">Từ Vọng Nghi</subfield>
   <subfield code="p">Cơ sở lý thuyết các phương pháp hóa học phân tích</subfield>
  </datafield>
  <datafield tag="250" ind1="#" ind2="#">
   <subfield code="a">In lần thứ 4</subfield>
  </datafield>
  <datafield tag="260" ind1="#" ind2="#">
   <subfield code="a">H.</subfield>
   <subfield code="b">Đại học quốc gia Hà Nội</subfield>
   <subfield code="c">2009</subfield>
  </datafield>
  <datafield tag="300" ind1="#" ind2="#">
   <subfield code="a">320 tr.</subfield>
   <subfield code="b">21cm</subfield>
  </datafield>
  <datafield tag="653" ind1="#" ind2="#">
   <subfield code="a">Hóa học phân tích</subfield>
  </datafield>
  <datafield tag="653" ind1="#" ind2="#">
   <subfield code="a">Lí thuyết</subfield>
  </datafield>
  <datafield tag="653" ind1="#" ind2="#">
   <subfield code="a">Phương pháp</subfield>
  </datafield>
  <datafield tag="653" ind1="#" ind2="#">
   <subfield code="a">Phản ứng hóa học</subfield>
  </datafield>
  <datafield tag="852" ind1="#" ind2="#">
   <subfield code="j">KM.0028126</subfield>
   <subfield code="j">KM.0028133</subfield>
   <subfield code="j">KM.0028127</subfield>
   <subfield code="j">KM.0028124</subfield>
   <subfield code="j">KM.0028125</subfield>
   <subfield code="j">KM.0028128</subfield>
   <subfield code="j">KM.0028129</subfield>
   <subfield code="j">KM.0028130</subfield>
   <subfield code="j">KM.0028131</subfield>
   <subfield code="j">KM.0028132</subfield>
   <subfield code="j">KM.0028134</subfield>
  </datafield>
  <datafield tag="910" ind1="#" ind2="#">
   <subfield code="e">ltkchi</subfield>
   <subfield code="f">18/03/2019</subfield>
  </datafield>
  <datafield tag="980" ind1="#" ind2="#">
   <subfield code="a">Trung tâm Học liệu Lê Vũ Hùng, Trường Đại học Đồng Tháp</subfield>
  </datafield>
 </record>
</collection>
